Louis van Gaal's Trophy Cabinet. - Statistics

General Stats
  • This quiz has been taken 409 times
  • The average score is 9 of 19
Answer Stats
Club (Year) Competition % Correct
Ajax (1994-95) UEFA Champions Leagues
92%
Bayern Munich (2009-10) Bundesliga
85%
Barcelona (1997-98) La Liga
79%
Barcelona (1998-99) La Liga
79%
Ajax (1993-94) Eredivisie
67%
Ajax (1994-95) Eredivisie
67%
Ajax (1995-96) Eredivisie
67%
AZ (2008-09) Eredivisie
67%
Barcelona (1997-98) Copa Del Rey
54%
Bayern Munich (2009-10) DFB-Pokal
50%
Ajax (1995) UEFA Super Cup
48%
Barcelona (1997) UEFA Super Cup
48%
Ajax (1991-92) UEFA Cup
36%
Ajax (1992-93) KNVB Cup
28%
Ajax (1993) Johan Cruijff Shield
15%
Bayern Munich (2010) DFB-Supercup
7%
Ajax (1995) Intercontinental Cup
6%
Ajax (1994) Johan Cruijff Shield
1%
Ajax (1995) Johan Cruijff Shield
1%
No matching quizzes found
Score Distribution
Percent of People with Each Score
Percentile by Number Answered
Your Score History
You have not taken this quiz